[Event "Accession A 2015/2016"]
[Site "Vitrolles"]
[Date "2015.09.26"]
[Round "1"]
[White "Estevez, Ange"]
[Black "Mars, Theo"]
[Result "0-1"]
[WhiteElo "1549"]
[BlackElo "1635"]
[PlyCount "82"]

1. e4 c6 2. d4 d5 3. exd5 cxd5 4. Bd3 Nf6 5. Bf4 Nc6 6. c3 Bg4 7. Qb3 Na5 8.
Qa4+ Bd7 9. Qc2 g6 10. Nf3 Bg7 11. O-O O-O 12. h3 Nh5 13. Qd2 Nc4 14. Bxc4 dxc4
15. Na3 b5 16. Qe3 Bc6 17. Rfe1 Qd5 18. Bh2 Rfe8 19. Nc2 a5 20. Re2 e6 21. Rae1
h6 22. Rd1 e5 23. Rde1 exd4 24. Qd2 Rxe2 25. Rxe2 d3 26. Ne3 Qd7 27. Re1 Re8
28. Ng4 Bxf3 29. Rxe8+ Qxe8 30. gxf3 Qe2 31. Qe3 f5 32. Nxh6+ Kh7 33. Nxf5 gxf5
34. Qg5 Nf6 35. Qxf5+ Kh8 36. Qc8+ Ne8 37. Qg4 Nf6 38. Qc8+ Qe8 39. Qf5 d2 40.
Be5 d1=Q+ 41. Kg2 Qd3 0-1

[Event "Accession A 2015/2016"]
[Site "Vitrolles"]
[Date "2015.09.26"]
[Round "1"]
[White "Sempe, Pierre"]
[Black "Scamaroni, Jean-Paul"]
[Result "1-0"]
[WhiteElo "1703"]
[BlackElo "1600"]
[PlyCount "65"]

1. e4 c5 2. Nf3 d6 3. d4 cxd4 4. Qxd4 Nc6 5. Bb5 Bd7 6. Bxc6 Bxc6 7. Nc3 e5 8.
Qd3 Nf6 9. Bg5 Be7 10. O-O Qc7 11. Rad1 Rd8 12. Nh4 g6 13. b4 b6 14. b5 Bb7 15.
Nf3 O-O 16. Nd2 Ne8 17. Bh6 Ng7 18. Nd5 Bxd5 19. Qxd5 Rd7 20. Nc4 Rfd8 21. Rd2
Ne8 22. Rfd1 Bf6 23. Ne3 Qc5 24. Qb3 Nc7 25. Ng4 Be7 26. a4 a5 27. Be3 Qb4 28.
Nh6+ Kg7 29. Qxf7+ Kh8 30. Qa2 Rf8 31. Nf7+ Rxf7 32. Qxf7 Qxe4 33. Bh6 1-0

[Event "Accession A 2015/2016"]
[Site "Vitrolles"]
[Date "2015.09.26"]
[Round "1"]
[White "Madranges, Jean"]
[Black "Kizil, Yilmaz"]
[Result "0-1"]
[WhiteElo "1828"]
[BlackElo "1752"]
[PlyCount "92"]

1. e4 e5 2. Bc4 Nf6 3. Nc3 Bc5 4. d3 c6 5. Nf3 b5 6. Bb3 b4 7. Na4 Be7 8. Nxe5
O-O 9. O-O d6 10. Nc4 Bg4 11. f3 Be6 12. Ne3 Nbd7 13. d4 Bxb3 14. axb3 g6 15.
c4 a5 16. Qc2 Re8 17. Bd2 Bf8 18. Rae1 Bg7 19. Nd1 h6 20. Be3 Kh7 21. Qd2 Qc7
22. Nf2 Rad8 23. g4 h5 24. Bg5 Rb8 25. Bf4 hxg4 26. fxg4 Rbd8 27. c5 Ne5 28.
cxd6 Nf3+ 29. Kh1 Qa7 30. Qe3 Nxe1 31. Qh3+ Kg8 32. Rxe1 Qxd4 33. Qf3 Nd7 34.
Bg5 Ne5 35. Qe2 Qa7 36. Bxd8 Rxd8 37. Rd1 Qb8 38. Qd2 Bf8 39. d7 Qa7 40. Qf4
Bg7 41. Nh3 Rxd7 42. Rf1 Rd6 43. Rc1 Rf6 44. Qd2 Qc7 45. g5 Rd6 46. Qe3 Rd3 0-1

[Event "Accession A 2015/2016"]
[Site "Vitrolles"]
[Date "2015.09.26"]
[Round "1"]
[White "Montanelli, Tristan"]
[Black "Urcun, Gael"]
[Result "1-0"]
[WhiteElo "1714"]
[BlackElo "1660"]
[PlyCount "67"]

1. Nf3 Nf6 2. c4 g6 3. g3 Bg7 4. Bg2 O-O 5. d4 d6 6. O-O Nbd7 7. Nc3 Re8 8. Qc2
e5 9. dxe5 Nxe5 10. Nxe5 Rxe5 11. Bf4 Re8 12. Qd2 Ng4 13. Rac1 Rb8 14. b3 Be6
15. h3 Nf6 16. Nd5 Qd7 17. Kh2 Nh5 18. Bg5 f5 19. Qa5 c6 20. Nf4 Nxf4 21. Bxf4
b6 22. Qa4 Rbc8 23. Rcd1 Bf8 24. Rd3 Qc7 25. Rfd1 Red8 26. Qa3 c5 27. Qb2 Rd7
28. Qd2 Rcd8 29. e4 Be7 30. exf5 Bxf5 31. Bd5+ Kf8 32. Bh6+ Ke8 33. Re3 g5 34.
Qc3 1-0

[Event "Accession A 2015/2016"]
[Site "Vitrolles"]
[Date "2015.09.26"]
[Round "1"]
[White "Nguyen, Patrick"]
[Black "Thiers, Jean-Jacques"]
[Result "0-1"]
[WhiteElo "1638"]
[BlackElo "1756"]
[PlyCount "66"]

1. e4 e5 2. Nc3 Nf6 3. f4 d6 4. Nf3 Nbd7 5. Bc4 Be7 6. Bxf7+ Kxf7 7. Ng5+ Kg8
8. Ne6 Qe8 9. Nxc7 Qg6 10. O-O Rb8 11. f5 Qg4 12. Qe1 Nh5 13. d3 Bh4 14. Qe2
Qxe2 15. Nxe2 Bd8 16. Nd5 Nhf6 17. Bg5 Kf7 18. Bxf6 Nxf6 19. Nec3 Bd7 20. Rf3
Rc8 21. Nxf6 Bxf6 22. Raf1 b5 23. R1f2 Bc6 24. h3 Bd8 25. Kh2 b4 26. Nb1 Bb6
27. Re2 a5 28. c4 bxc3 29. Nxc3 Bd4 30. g4 h6 31. h4 Bxc3 32. bxc3 Ba4 33. c4
Bd1 0-1

[Event "Accession A 2015/2016"]
[Site "Vitrolles"]
[Date "2015.10.10"]
[Round "2"]
[White "Mars, Theo"]
[Black "Thiers, Jean-Jacques"]
[Result "1/2-1/2"]
[WhiteElo "1635"]
[BlackElo "1756"]
[PlyCount "65"]

1. c4 e5 2. g3 Nf6 3. Bg2 Nc6 4. Nc3 Bc5 5. e3 d6 6. Nge2 O-O 7. O-O Rb8 8. d4
exd4 9. exd4 Bb6 10. Na4 a6 11. Nxb6 cxb6 12. Nc3 Ne7 13. d5 Ng6 14. f4 Bf5 15.
Qd4 Re8 16. h3 Nf8 17. Be3 Rc8 18. b3 h5 19. Qxb6 Qd7 20. h4 Ne4 21. Nxe4 Bxe4
22. Bf2 Nh7 23. Rfe1 Nf6 24. Qd4 Qf5 25. Re3 Bxg2 26. Kxg2 Ng4 27. Rxe8+ Rxe8
28. Re1 Rxe1 29. Bxe1 Qc2+ 30. Qd2 Qe4+ 31. Kg1 Qf3 32. Bf2 Nf6 33. Qe3 1/2-1/2

[Event "Accession A 2015/2016"]
[Site "Vitrolles"]
[Date "2015.10.10"]
[Round "2"]
[White "Urcun, Gael"]
[Black "Nguyen, Patrick"]
[Result "1-0"]
[WhiteElo "1660"]
[BlackElo "1638"]
[PlyCount "65"]

1. e4 c6 2. d4 d5 3. Nc3 dxe4 4. Nxe4 Nf6 5. Nxf6+ gxf6 6. c3 h5 7. Nf3 h4 8.
h3 Bf5 9. Bf4 Qb6 10. Qb3 Nd7 11. Bc4 e6 12. O-O-O Bh6 13. Bxh6 Rxh6 14. Qa3
Qc7 15. Rhe1 Qf4+ 16. Re3 Nb6 17. Bb3 Nd5 18. Bxd5 cxd5 19. Qa4+ Kd8 20. Qb4
Rb8 21. Qf8+ Kc7 22. Qxf7+ Kb6 23. a4 Rh7 24. Qxf6 Rg8 25. b4 a6 26. Rd2 Qh6
27. Qe5 Rxg2 28. Qb8 Rh8 29. a5+ Kc6 30. Ne5+ Kb5 31. Qxb7+ Ka4 32. Kb2 Rxf2
33. Qc6# 1-0

[Event "Accession A 2015/2016"]
[Site "Vitrolles"]
[Date "2015.10.10"]
[Round "2"]
[White "Kizil, Ylmaz"]
[Black "Montanelli, Tristan"]
[Result "1/2-1/2"]
[WhiteElo "1752"]
[BlackElo "1714"]
[PlyCount "109"]

1. e4 e6 2. d4 d5 3. Nc3 Nf6 4. e5 Nfd7 5. f4 c5 6. Nf3 Nc6 7. Be3 Qb6 8. Na4
Qa5+ 9. c3 cxd4 10. b4 Nxb4 11. cxb4 Bxb4+ 12. Bd2 Bxd2+ 13. Nxd2 O-O 14. Be2
d3 15. Bxd3 Qb4 16. g3 f6 17. Rb1 Qa3 18. Qc2 fxe5 19. Bxh7+ Kh8 20. O-O exf4
21. Rf3 Qe7 22. Rbf1 g5 23. Bd3 Ne5 24. gxf4 Nxf3+ 25. Rxf3 g4 26. Rf2 Qf6 27.
Nc3 Bd7 28. Bb5 Rac8 29. Bxd7 Rxc3 30. Qd1 Qe7 31. Nb1 Rc4 32. Ba4 Qc5 33. Kg2
Rfxf4 34. Rxf4 Rxf4 35. Qe2 Rxa4 36. Qe5+ Kh7 37. Qh5+ Kg7 38. Qg5+ Kf7 39.
Qh5+ Ke7 40. Qg5+ Kd7 41. Qg7+ Kc6 42. Qh6 Qc2+ 43. Nd2 Qf5 44. Qh8 Qf4 45.
Qe8+ Kd6 46. Qd8+ Ke5 47. Qb8+ Kf6 48. Qf8+ Kg6 49. Qg8+ Kh5 50. Qh8+ Qh6 51.
Qe8+ Kh4 52. Qe7+ Kh5 53. Qe8+ Kh4 54. Qe7+ Kh5 55. Qe8+ 1/2-1/2

[Event "Accession A 2015/2016"]
[Site "Vitrolles"]
[Date "2015.10.10"]
[Round "2"]
[White "Scamaroni, Jean-Paul"]
[Black "Madranges, Jean"]
[Result "0-1"]
[WhiteElo "1600"]
[BlackElo "1828"]
[PlyCount "134"]

1. d4 Nf6 2. c4 Nc6 3. Nc3 e5 4. d5 Ne7 5. e4 Ng6 6. Be2 Bc5 7. Be3 Bxe3 8.
fxe3 d6 9. Nf3 O-O 10. Qd2 c6 11. O-O-O Ng4 12. Rdf1 Qb6 13. Nd1 cxd5 14. exd5
f5 15. h3 Nf6 16. Nc3 Bd7 17. Rhg1 Qa5 18. Kb1 a6 19. Nh2 b5 20. Ne4 Qxd2 21.
Nxd2 bxc4 22. Bxc4 Rfc8 23. g4 fxg4 24. hxg4 Ne7 25. e4 Ng6 26. g5 Nh5 27. Bb3
Bb5 28. Rc1 Nhf4 29. a4 Bd3+ 30. Ka2 Ne2 31. Rxc8+ Rxc8 32. Rg2 Ngf4 33. Rg4
Nd4 34. Nhf3 Nxf3 35. Nxf3 Bxe4 36. Nd2 Bxd5 37. Bxd5+ Nxd5 38. Ne4 Rc6 39. Rg3
Nf4 40. Rb3 Kf7 41. Rb7+ Kg6 42. Rd7 d5 43. Nc3 d4 44. Ne4 d3 45. Kb3 Kf5 46.
Nf2 Rg6 47. Nxd3 Nxd3 48. Rxd3 Rxg5 49. Kc3 Rg6 50. b3 h5 51. b4 Rc6+ 52. Kb3
Ke6 53. b5 axb5 54. axb5 Rd6 55. Rc3 e4 56. Kc4 Kd7 57. Re3 Kc7 58. Kc5 Re6 59.
Kd5 Re7 60. Kc5 g5 61. Kb4 Kb6 62. Rc3 Re6 63. Re3 g4 64. Kc4 h4 65. Kd5 Re8
66. Rxe4 Rxe4 67. Kxe4 g3 0-1

[Event "Accession A 2015/2016"]
[Site "Vitrolles"]
[Date "2015.10.10"]
[Round "2"]
[White "Estevez, Ange"]
[Black "Sempe, Pierre"]
[Result "0-1"]
[WhiteElo "1549"]
[BlackElo "1703"]
[PlyCount "48"]

1. e4 e5 2. Bc4 Nf6 3. d4 exd4 4. Nf3 Nc6 5. O-O d6 6. Ng5 Ne5 7. Bb3 h6 8. f4
hxg5 9. fxe5 dxe5 10. Bxg5 Be7 11. Nd2 Bg4 12. Qe1 Rh5 13. h4 Qd6 14. Nc4 Qc5
15. Qf2 O-O-O 16. Rad1 Rdh8 17. g3 Bxd1 18. Rxd1 Kb8 19. Rd3 Nxe4 20. Bxe7 Qxe7
21. Qg2 f5 22. Nd2 Nc5 23. Rf3 e4 24. Rf4 e3 0-1

[Event "Accession A 2015/2016"]
[Site "Vitrolles"]
[Date "2015.11.07"]
[Round "3"]
[White "Sempe, Pierre"]
[Black "Mars, Theo"]
[Result "1-0"]
[WhiteElo "1703"]
[BlackElo "1635"]
[PlyCount "53"]

1. e4 c6 2. Nc3 d5 3. Nf3 dxe4 4. Nxe4 Bg4 5. h3 Bxf3 6. Qxf3 Nd7 7. d4 Ngf6 8.
Bd3 e6 9. O-O Nxe4 10. Qxe4 Nf6 11. Qh4 Qc7 12. c3 O-O-O 13. b4 c5 14. Bf4 Qd7
15. bxc5 Bxc5 16. Rfd1 Be7 17. c4 h6 18. Be5 Qa4 19. Qg3 Rhg8 20. Rab1 Rd7 21.
Qf3 Rgd8 22. c5 Qc6 23. Qe2 a6 24. Rb6 Qd5 25. Bxa6 Bxc5 26. Rc1 Ne4 27. Qxe4
1-0

[Event "Accession A 2015/2016"]
[Site "Vitrolles"]
[Date "2015.11.07"]
[Round "3"]
[White "Madranges, Jean"]
[Black "Estevez, Ange"]
[Result "1-0"]
[WhiteElo "1828"]
[BlackElo "1549"]
[PlyCount "53"]

1. e4 d5 2. exd5 Nf6 3. d4 Nxd5 4. c4 Nf6 5. Nf3 g6 6. Nc3 Bg7 7. Be2 O-O 8.
O-O c6 9. Re1 Bf5 10. Bf4 Nh5 11. Be5 Bxe5 12. Nxe5 Nf6 13. Bf3 Na6 14. a3 Nc7
15. Qd2 Kg7 16. Rad1 Qe8 17. Qf4 Ne6 18. Qe3 Nc7 19. g4 Bc8 20. g5 Ng8 21. d5
cxd5 22. cxd5 f6 23. Nc4 fxg5 24. Qe5+ Kh6 25. Rd3 Rf5 26. Qxc7 Rf4 27. d6 1-0

[Event "Accession A 2015/2016"]
[Site "Vitrolles"]
[Date "2015.11.07"]
[Round "3"]
[White "Montanelli, Tristan"]
[Black "Scamaroni, Jean-Paul"]
[Result "1-0"]
[WhiteElo "1735"]
[BlackElo "1600"]
[PlyCount "75"]

1. Nf3 Nf6 2. c4 e6 3. Nc3 c5 4. g3 b6 5. d3 Bb7 6. Bg2 Be7 7. e4 d6 8. O-O
Nbd7 9. Re1 O-O 10. b3 a6 11. Bb2 e5 12. a3 Nb8 13. Rc1 Nc6 14. Ne2 Qc7 15. Bh3
Bc8 16. Bxc8 Raxc8 17. Bc3 Nd7 18. g4 Qd8 19. Bd2 Nd4 20. Nexd4 exd4 21. Bf4 f6
22. h3 Ne5 23. Nh2 Qe8 24. Bg3 h5 25. gxh5 Qf7 26. f4 Nc6 27. f5 Ne5 28. Kh1
Kh7 29. Rg1 Rh8 30. Bf4 Kg8 31. h6 g5 32. fxg6 Nxg6 33. Qg4 Kh7 34. Qf5 Rcg8
35. h4 Bf8 36. Ng4 Bxh6 37. Nxh6 Qe8 38. h5 1-0

[Event "Accession A 2015/2016"]
[Site "Vitrolles"]
[Date "2015.11.07"]
[Round "3"]
[White "Nguyen, Patrick"]
[Black "Kizil, Ylmaz"]
[Result "0-1"]
[WhiteElo "1623"]
[BlackElo "1752"]
[PlyCount "62"]

1. e4 e5 2. Nf3 Nf6 3. Nc3 Bc5 4. Nxe5 Nc6 5. Nxc6 dxc6 6. Be2 h5 7. d3 Ng4 8.
Bxg4 hxg4 9. Bf4 Be6 10. Qd2 Qf6 11. Bxc7 b5 12. Bg3 Rd8 13. e5 Qg6 14. Ne4 Be7
15. Qe3 Bd5 16. O-O-O Bxa2 17. Nd6+ Kf8 18. f3 Be6 19. Qxa7 gxf3 20. gxf3 Bd5
21. Rhf1 Qe6 22. Rde1 g6 23. Qc5 Ra8 24. c4 Kg7 25. cxd5 cxd5 26. Qd4 Ra4 27.
Qe3 d4 28. Qf2 Rc8+ 29. Nxc8 Qxc8+ 30. Qc2 Ra1+ 31. Kd2 Bb4+ 0-1

[Event "Accession A 2015/2016"]
[Site "Vitrolles"]
[Date "2015.11.07"]
[Round "3"]
[White "Thiers, Jean-Jacques"]
[Black "Urcun, Gael"]
[Result "1/2-1/2"]
[WhiteElo "1756"]
[BlackElo "1662"]
[PlyCount "73"]

1. e4 c6 2. d4 d5 3. Bd3 dxe4 4. Bxe4 Nf6 5. Qd3 Nxe4 6. Qxe4 Qd5 7. Qxd5 cxd5
8. Nc3 e6 9. Nf3 a6 10. Bf4 Nc6 11. O-O Be7 12. Na4 Bd8 13. Rac1 O-O 14. c4 Nb4
15. Bd6 Ba5 16. Bxf8 Kxf8 17. a3 Nd3 18. Rcd1 dxc4 19. b4 Bd8 20. Nc5 Nf4 21.
Rc1 Ne2+ 22. Kh1 Nxc1 23. Rxc1 b5 24. Kg1 Bf6 25. Kf1 Ke7 26. Ne5 Bxe5 27. dxe5
Bd7 28. Rd1 Ra7 29. Rd6 Bc8 30. Ke1 a5 31. Rc6 axb4 32. axb4 Bd7 33. Rb6 Be8
34. Kd2 Kd8 35. Rb8+ Ke7 36. Rb6 Kd8 37. Rb8+ 1/2-1/2

[Event "Accession A 2015/2016"]
[Site "Vitrolles"]
[Date "2015.11.21"]
[Round "4"]
[White "Sempe, Pierre"]
[Black "Madranges, Jean"]
[Result "1-0"]
[WhiteElo "1703"]
[BlackElo "1828"]
[PlyCount "99"]

1. e4 d5 2. exd5 Nf6 3. d4 Bg4 4. Nf3 Qxd5 5. Be2 Nc6 6. h3 Bf5 7. c4 Qd7 8.
Be3 e6 9. O-O Be7 10. a3 a5 11. Nc3 Ne4 12. d5 Nxc3 13. dxc6 Nxe2+ 14. Qxe2
Qxc6 15. Nd4 Qe4 16. Rad1 O-O 17. Nb5 Rfd8 18. Nxc7 Rac8 19. Nb5 Qxc4 20. Rxd8+
Bxd8 21. Qxc4 Rxc4 22. Rd1 Bf6 23. Rd7 h6 24. Nd6 Rc2 25. Rxb7 Rxb2 26. Rxb2
Bxb2 27. Nxf5 exf5 28. a4 Bc3 29. Kf1 g5 30. Ke2 Kf8 31. Bd2 Bxd2 32. Kxd2 Ke7
33. Kc3 Kd6 34. Kd4 h5 35. Kc4 Kc6 36. Kd4 f6 37. Kc4 f4 38. Kd4 Kd6 39. Kc4 h4
40. Kd4 f5 41. f3 Ke6 42. Kc5 g4 43. Kb5 Kd5 44. Kxa5 Kc5 45. Ka6 Kc6 46. Ka7
Kc7 47. a5 Kc6 48. Kb8 Kb5 49. Kc7 Kxa5 50. Kd6 1-0

[Event "Accession A 2015/2016"]
[Site "Vitrolles"]
[Date "2015.11.21"]
[Round "4"]
[White "Kizil, Yilmaz"]
[Black "Thiers, Jean-Jacques"]
[Result "0-1"]
[WhiteElo "1752"]
[BlackElo "1756"]
[PlyCount "102"]

1. e4 e5 2. Nf3 Nc6 3. Bc4 Bc5 4. c3 d6 5. d4 exd4 6. cxd4 Bb4+ 7. Nc3 Nf6 8.
O-O O-O 9. a3 Bxc3 10. bxc3 Nxe4 11. Bd3 d5 12. Qc2 Bf5 13. c4 h6 14. cxd5 Qxd5
15. Be3 Nd6 16. Bxf5 Nxf5 17. Bc1 Rfe8 18. Bb2 Re6 19. Rfe1 Rg6 20. Qe4 Rd6 21.
Qg4 Rg6 22. Qf4 Rd8 23. g3 Rf6 24. Re5 Qd7 25. Qg4 Nfxd4 26. Qxd7 Nxf3+ 27. Kg2
Nh4+ 28. Kh3 Rxd7 29. Re8+ Kh7 30. Bxf6 gxf6 31. Kxh4 Nd4 32. Kh3 c5 33. Rae1
Ne6 34. Rc8 b6 35. Kg4 Kg6 36. Rg8+ Kh7 37. Rc8 Kg6 38. f4 f5+ 39. Kf3 Rd3+ 40.
Re3 Nd4+ 41. Kf2 Rxe3 42. Kxe3 Nc2+ 43. Kd3 Nxa3 44. Rc7 Nb5 45. Rc6+ Kg7 46.
Kc4 Nd4 47. Rc7 a6 48. Ra7 Nf3 49. Rxa6 Nxh2 50. Rxb6 Nf1 51. Rb1 Nd2+ 0-1

[Event "Accession A 2015/2016"]
[Site "Vitrolles"]
[Date "2015.11.21"]
[Round "4"]
[White "Estevez, Ange"]
[Black "Montanelli, Tristan"]
[Result "0-1"]
[WhiteElo "1549"]
[BlackElo "1735"]
[PlyCount "92"]

1. e4 c5 2. g3 Nc6 3. Bg2 Nf6 4. d3 g6 5. c3 Qb6 6. Na3 d6 7. Rb1 Be6 8. Ra1
Bg7 9. Nf3 O-O 10. O-O a6 11. Qe2 Qc7 12. Bd2 b5 13. Nc2 Rfb8 14. Ng5 Bg4 15.
Nf3 Ne5 16. Nce1 Qd7 17. Qe3 Nxf3+ 18. Nxf3 Bh3 19. Qg5 Bxg2 20. Kxg2 Ng4 21.
Qd5 e6 22. Qb3 Qc6 23. h3 c4 24. Qc2 cxd3 25. Qxd3 Nf6 26. Rfe1 Rd8 27. Qc2 Rd7
28. Nd4 Qb7 29. f3 Rc8 30. Ne2 Rdc7 31. Qd3 d5 32. e5 Nd7 33. Bf4 Bxe5 34. Nd4
Bxf4 35. gxf4 Nc5 36. Qe3 Qb6 37. h4 h5 38. Rad1 Nd7 39. Rd2 b4 40. cxb4 Qxb4
41. Kh3 Qb6 42. Qd3 Rc1 43. Rdd1 Rxd1 44. Rxd1 Kg7 45. Re1 Rc4 46. Ne2 Qxb2 0-1

[Event "Accession A 2015/2016"]
[Site "Vitrolles"]
[Date "2015.11.21"]
[Round "4"]
[White "Mars, Theo"]
[Black "Urcun, Gael"]
[Result "0-1"]
[WhiteElo "1635"]
[BlackElo "1662"]
[PlyCount "38"]

1. c4 e5 2. g3 Nf6 3. Bg2 Nc6 4. Nc3 Bc5 5. e3 d6 6. Nge2 O-O 7. O-O Re8 8. d4
exd4 9. exd4 Bb6 10. Na4 Bg4 11. f3 Bc8 12. a3 Na5 13. Qc2 c6 14. Nxb6 Qxb6 15.
b4 Nb3 16. Qxb3 Rxe2 17. c5 dxc5 18. dxc5 Qd8 19. Bb2 Qd2 0-1

[Event "Accession A 2015/2016"]
[Site "Vitrolles"]
[Date "2015.11.21"]
[Round "4"]
[White "Scamaroni, Jean-Paul"]
[Black "Nguyen, Patrick"]
[Result "1-0"]
[WhiteElo "1600"]
[BlackElo "1623"]
[PlyCount "97"]

1. d4 d5 2. c4 c6 3. Nf3 Nf6 4. Nc3 e6 5. Bg5 dxc4 6. a4 Bb4 7. e4 Bxc3+ 8.
bxc3 Qa5 9. Bxf6 Qxc3+ 10. Nd2 gxf6 11. Bxc4 Qxd4 12. O-O h5 13. Ra3 Nd7 14.
Rd3 Qc5 15. Rh3 b5 16. axb5 cxb5 17. Be2 Bb7 18. Rxh5 Rxh5 19. Bxh5 a5 20. Qg4
Qg5 21. Qxe6+ Kd8 22. Qxf7 Kc7 23. Rc1+ Bc6 24. Qd5 Qxd5 25. exd5 Ne5 26. dxc6
a4 27. Bd1 b4 28. Rb1 b3 29. Bxb3 axb3 30. Rxb3 Ra1+ 31. Rb1 Ra2 32. Ne4 f5 33.
Nc3 Rd2 34. Rd1 Rxd1+ 35. Nxd1 Kxc6 36. g3 Kd6 37. Kg2 Ke6 38. h4 Kf6 39. Ne3
Nd3 40. Nd5+ Kg6 41. f3 Ne5 42. Nf4+ Kh6 43. Kf2 Kh7 44. Ke3 Nc4+ 45. Kd3 Ne5+
46. Ke2 Kh6 47. Nd5 Ng6 48. Ke3 Kg7 49. h5 1-0

[Event "Accession A 2015/2016"]
[Site "Vitrolles"]
[Date "2015.12.12"]
[Round "5"]
[White "Montanelli, Tristan"]
[Black "Sempe, Pierre"]
[Result "0-1"]
[WhiteElo "1733"]
[BlackElo "1703"]
[PlyCount "52"]

1. d4 Nf6 2. Bg5 c5 3. d5 b5 4. Nd2 Qa5 5. Bxf6 gxf6 6. c3 d6 7. a4 b4 8. Nb3
Qc7 9. cxb4 cxb4 10. Rc1 Qb7 11. e4 Bh6 12. Rc4 a5 13. Qh5 Bg7 14. Nd4 Bd7 15.
b3 Na6 16. Bd3 Nc5 17. Bc2 O-O-O 18. Qxf7 Rhg8 19. Qxe7 Qb6 20. Ne6 Bxe6 21.
Qxe6+ Kb8 22. Rxc5 Qxc5 23. Bd1 f5 24. Ne2 Rde8 25. Qxf5 Rgf8 26. Qxh7 Bc3+ 0-1

[Event "Accession A 2015/2016"]
[Site "Vitrolles"]
[Date "2015.12.12"]
[Round "5"]
[White "Scamaroni, Jean-Paul"]
[Black "Thiers, Jean-Jacques"]
[Result "1-0"]
[WhiteElo "1600"]
[BlackElo "1756"]
[PlyCount "34"]

1. d4 d5 2. c4 e6 3. Nc3 Nf6 4. Bg5 h6 5. Bxf6 Qxf6 6. cxd5 Bb4 7. Qa4+ Nc6 8.
dxc6 Qxd4 9. cxb7+ Ke7 10. Qc2 Bxb7 11. Nf3 Bxf3 12. exf3 Rhd8 13. Be2 Rab8 14.
Rd1 Bxc3+ 15. bxc3 Qb6 16. Rxd8 Qb1+ 17. Qxb1 Rxb1+ 1-0

[Event "Accession A 2015/2016"]
[Site "Vitrolles"]
[Date "2015.12.12"]
[Round "5"]
[White "Urcun, Gael"]
[Black "Kizil, Yilmaz"]
[Result "0-1"]
[WhiteElo "1662"]
[BlackElo "1752"]
[PlyCount "49"]

1. e4 e5 2. Bc4 Nf6 3. d3 Bc5 4. Nc3 c6 5. Nf3 b5 6. Bb3 b4 7. Na4 Be7 8. Nxe5
O-O 9. O-O d6 10. Nf3 Bg4 11. h3 Bh5 12. g4 Nxg4 13. hxg4 Bxg4 14. Kg2 Nd7 15.
Bf4 Kh8 16. Qd2 f5 17. Ng5 fxe4 18. dxe4 Bxg5 19. Bxg5 Bf3+ 20. Kg3 Qe8 21. Bf4
Ne5 22. Qxd6 Qh5 23. Qe6 Rf6 24. Qh3 Qg6+ 25. Kh2 0-1

[Event "Accession A 2015/2016"]
[Site "Vitrolles"]
[Date "2015.12.12"]
[Round "5"]
[White "Madranges, Jean"]
[Black "Mars, Theo"]
[Result "1-0"]
[WhiteElo "1828"]
[BlackElo "1635"]
[PlyCount "131"]

1. d4 d5 2. Bf4 c6 3. e3 Qb6 4. Qc1 Bf5 5. Nf3 Nf6 6. c4 Nbd7 7. Nc3 e6 8. c5
Qa5 9. a3 Be7 10. b4 Qd8 11. Be2 Ne4 12. Nxe4 Bxe4 13. O-O O-O 14. Ne5 h6 15.
f3 Bh7 16. b5 Nxe5 17. Bxe5 Qd7 18. Qb2 f6 19. Bg3 e5 20. Rac1 e4 21. f4 f5 22.
Rb1 b6 23. bxc6 Qxc6 24. Bb5 Qc7 25. cxb6 Qxb6 26. Qa2 Qd6 27. a4 Rac8 28. Rfc1
a6 29. Be2 Rc6 30. Be1 Qd7 31. Qb3 Rfc8 32. Rxc6 Qxc6 33. Qb7 Qxb7 34. Rxb7 Rc1
35. Rxe7 Rxe1+ 36. Kf2 Ra1 37. Ra7 Rxa4 38. Rxa6 Rxa6 39. Bxa6 Kf8 40. Ke2 Ke7
41. Kd2 Bg8 42. Kc3 Be6 43. Kb4 Kd6 44. Bb5 g5 45. g3 g4 46. Be8 Bg8 47. Bg6
Be6 48. Kb5 Bd7+ 49. Kb6 Bc8 50. Bf7 Bd7 51. Kb7 Bc6+ 52. Kc8 Bd7+ 53. Kd8 Bb5
54. Bg6 Bd7 55. Bh7 Kc6 56. Ke7 Bc8 57. Kf6 Kb5 58. Bxf5 Bxf5 59. Kxf5 Kc4 60.
Kxg4 Kd3 61. f5 Kxe3 62. f6 Kd2 63. f7 e3 64. f8=Q e2 65. Qf2 Kd1 66. Kf4 1-0

[Event "Accession A 2015/2016"]
[Site "Vitrolles"]
[Date "2015.12.12"]
[Round "5"]
[White "Nguyen, Patrick"]
[Black "Estevez, Ange"]
[Result "1-0"]
[WhiteElo "1623"]
[BlackElo "1549"]
[PlyCount "47"]

1. e4 d5 2. exd5 Nf6 3. Bb5+ Bd7 4. Bc4 b5 5. Bb3 Na6 6. d4 Bg4 7. f3 Bf5 8.
Qe2 Bd7 9. c4 bxc4 10. Bxc4 Nb8 11. Nc3 e6 12. Bg5 Bb4 13. Nh3 O-O 14. O-O Bxc3
15. bxc3 exd5 16. Bxd5 c6 17. Be4 Bxh3 18. gxh3 Re8 19. Qg2 Re6 20. Rab1 Qd6
21. Bxf6 Rxf6 22. Qg3 Qxg3+ 23. hxg3 a5 24. Rb6 1-0

[Event "Accession A 2015/2016"]
[Site "Vitrolles"]
[Date "2016.01.16"]
[Round "6"]
[White "Mars, Theo"]
[Black "Kizil, Ylmaz"]
[Result "0-1"]
[WhiteElo "1655"]
[BlackElo "1779"]
[PlyCount "58"]

1. c4 e5 2. g3 Nf6 3. Bg2 Nc6 4. Nc3 Bc5 5. e3 d6 6. Nge2 O-O 7. d4 exd4 8.
exd4 Bb6 9. O-O Re8 10. Na4 Bg4 11. f3 Bf5 12. a3 Rxe2 13. Nxb6 Rxg2+ 14.
Kxg2 axb6 15. Re1 h6 16. b4 d5 17. b5 Na5 18. Re5 Qd7 19. g4 Bg6 20. cxd5 Nc4
21. Re2 Qxd5 22. Bf4 Nxg4 23. Kg3 Nf6 24. Bxc7 Bh5 25. Qd3 Bg6 26. Qc3 Qxb5 27.
Rc2 Bxc2 28. Qxc2 Qg5+ 29. Kf2 Qe3+ 0-1

[Event "Accession A 2015/2016"]
[Site "Vitrolles"]
[Date "2016.01.16"]
[Round "6"]
[White "Sempe, Pierre"]
[Black "Nguyen, Patrick"]
[Result "1-0"]
[WhiteElo "1748"]
[BlackElo "1594"]
[PlyCount "51"]

1. e4 c6 2. Nf3 d5 3. Nc3 dxe4 4. Nxe4 Nf6 5. Nxf6+ exf6 6. Bc4 Bd6 7. d3 O-O
8. Be3 Qc7 9. Qd2 b5 10. Bb3 a5 11. a3 Bb7 12. Nd4 Be5 13. c3 Qd7 14. Nf3 Re8
15. O-O Qc7 16. Nxe5 fxe5 17. a4 Nd7 18. d4 Nb6 19. axb5 cxb5 20. Qd3 e4 21.
Qxb5 Ba6 22. Qf5 Bxf1 23. Kxf1 a4 24. Ba2 a3 25. bxa3 g6 26. Qf6 1-0

[Event "Accession A 2015/2016"]
[Site "Vitrolles"]
[Date "2016.01.16"]
[Round "6"]
[White "Estevez, Ange"]
[Black "Thiers, Jean-Jacques"]
[Result "1/2-1/2"]
[WhiteElo "1526"]
[BlackElo "1761"]
[PlyCount "43"]

1. e4 e5 2. Nf3 Nc6 3. Bc4 Bc5 4. c3 Nf6 5. d4 exd4 6. cxd4 Bb4+ 7. Nc3 Nxe4 8.
O-O Bxc3 9. bxc3 O-O 10. d5 Ne7 11. Bd3 Nf6 12. c4 d6 13. Bb2 Ng6 14. Bxg6 hxg6
15. Qd4 Qd7 16. h3 Qf5 17. Rfe1 Re8 18. Rxe8+ Nxe8 19. Re1 Nf6 20. Re7 Qb1+ 21.
Kh2 b6 22. Ng5 1/2-1/2

[Event "Accession A 2015/2016"]
[Site "Vitrolles"]
[Date "2016.01.16"]
[Round "6"]
[White "Scamaroni, Jean-Paul"]
[Black "Urcun, Gael"]
[Result "0-1"]
[WhiteElo "1608"]
[BlackElo "1683"]
[PlyCount "118"]

1. d4 Nf6 2. c4 g6 3. Nc3 Bg7 4. e4 d6 5. f4 O-O 6. Nf3 c5 7. d5 e6 8. Be2 exd5
9. cxd5 Bg4 10. O-O Nbd7 11. h3 Bxf3 12. Bxf3 Re8 13. Re1 Qa5 14. Bd2 b5 15. a4
b4 16. Na2 Qb6 17. Kh2 a5 18. b3 Rac8 19. Rc1 Qa6 20. Qc2 Nb6 21. Be2 Qa7 22.
Bd3 Re7 23. Re2 Qc7 24. Bc4 Nxc4 25. Qxc4 Nd7 26. Rce1 Rce8 27. Nc1 Nb6 28. Qc2
c4 29. bxc4 Qxc4 30. Qxc4 Nxc4 31. Nb3 Nxd2 32. Nxd2 Bc3 33. Rc1 Bxd2 34. Rxd2
Rxe4 35. Rc6 Rb8 36. Rxd6 b3 37. Ra6 b2 38. Rxb2 Rxb2 39. Rxa5 Ra2 40. d6 Rd4
41. d7 Rxd7 42. f5 gxf5 43. Rxf5 Rxa4 44. Rg5+ Kf8 45. Rg3 f5 46. Rf3 Rd5 47.
Rb3 Kf7 48. Rb7+ Kg6 49. Rb6+ Kg5 50. Rb8 Rd2 51. Rb3 h5 52. Rg3+ Kf6 53. Rg8
Raa2 54. h4 Ra4 55. Kh3 Rd1 56. Rf8+ Ke5 57. Re8+ Kf4 58. Kh2 Raa1 59. g4 Ra2+
0-1

[Event "Accession A 2015/2016"]
[Site "Vitrolles"]
[Date "2016.01.16"]
[Round "6"]
[White "Madranges, Jean"]
[Black "Montanelli, Tristan"]
[Result "1-0"]
[WhiteElo "1797"]
[BlackElo "1766"]
[PlyCount "84"]

1. d4 g6 2. e4 Bg7 3. Nc3 d6 4. Be3 Nf6 5. Qd2 a6 6. Bh6 O-O 7. Bxg7 Kxg7 8.
Nf3 b5 9. Bd3 Bb7 10. Qe2 c5 11. e5 Nh5 12. Qe3 cxd4 13. Nxd4 dxe5 14. Qxe5+
Nf6 15. Nce2 Nbd7 16. Qg5 Kh8 17. f4 Re8 18. Nf3 Kg7 19. O-O-O Qc7 20. h4 Ne4
21. Bxe4 Bxe4 22. Nc3 Nf6 23. Rhe1 Bxc2 24. Kxc2 b4 25. Qe5 Qc8 26. h5 Rb8 27.
hxg6 Rb5 28. gxf7 Rxe5 29. fxe8=Q Nxe8 30. Rxe5 bxc3 31. bxc3 Qc4 32. Rxe7+ Kf8
33. Rdd7 Qxa2+ 34. Kd3 Qb1+ 35. Kd4 Qb6+ 36. Kd3 Qg6+ 37. Ke3 Qb6+ 38. Nd4 Qg6
39. Ne6+ Kg8 40. Rxe8+ Qxe8 41. Rd8 Qxd8 42. Nxd8 a5 1-0